REVOLUTION IN PEDIATRIC DENTISTRY (Record no. 9835)

MARC details
000 -LEADER
fixed length control field 00350nam a22001457a 4500
020 ## - INTERNATIONAL STANDARD BOOK NUMBER
International Standard Book Number 978-1-85097-212-9
082 ## - DEWEY DECIMAL CLASSIFICATION NUMBER
Classification number 617.645,R11S
100 ## - MAIN ENTRY--PERSONAL NAME
Personal name SPLIETH ,CHRISTIAN.H.
245 ## - TITLE STATEMENT
Title REVOLUTION IN PEDIATRIC DENTISTRY
250 ## - EDITION STATEMENT
Edition statement 1ST
260 ## - PUBLICATION, DISTRIBUTION, ETC. (IMPRINT)
Place of publication, distribution, etc LONDON
Name of publisher, distributor, etc QUINTESSENCE PUBLISHING
Year of Publication 2011
300 ## - PAGE DESCRIPTION
No. of Pages 214
650 ## - SUBJECT ADDED ENTRY--TOPICAL TERM
Topical term or geographic name as entry element PEDODONTICS
942 ## - ADDED ENTRY ELEMENTS (KOHA)
Source of classification or shelving scheme Dewey Decimal Classification
Koha item type Books
Holdings
Withdrawn status Lost status Source of classification or shelving scheme Damaged status Not for loan Home library Current library Shelving location Date acquired Vendor Name Cost, normal purchase price SGTU Bill Number Total Checkouts Full call number Accession No. (Barcode) Date last seen Bill Date Koha item type
    Dewey Decimal Classification     SGT Dental Library SGT Dental Library Reference Book 01/09/2016 ABC 6153.00 SGTU 6923   617.645,R11S FD7398 01/09/2016   Books
    Dewey Decimal Classification     SGT Dental Library SGT Dental Library Reference Book 01/09/2016 ABC 6153.00 SGTU 6923   617.645,R11S FD7399 01/09/2016   Books